Chaîne de lettres Pokémon Forme régional - Statistiques

Statistiques générales
  • Ce quiz a été pris 29 fois
    13 depuis la dernière actualisation
  • Le résultat moyen est 10 sur 11
Statistiques - réponses
Indice Pokémon % Correct
Évolution final du starter Plante de LPA Archéduc (de Hishui)
100%
Il évolue sous la pluie Colimucus (de Hishui)
100%
Forme régional de l'oiseau électrik de la 1g Électhor (de Galar)
100%
Sa forme régional peut évoluer en Ixon Linéon (de Galar)
100%
Sa forme régional l'a doté du type dragon et d'un long cou Noadkoko (d'Alola)
100%
Il à évolué grâce à une couronne Galanoa Roigada (de Galar)
100%
Pokémon révélé par le Scope Sylphe en regardant le grand spectre à Lavanville Ossatueur (d'Alola)
90%
Forme régional apparu dans l'île solitaire de l'Armure Ramoloss (de Galar)
90%
C'est le pokémon monarques du Contrefort Couronné Électrode (de Hishui)
70%
C'est le pokémon monarque des Terres Immaculées Séracrawl (de Hishui)
70%
Il vit sur le mont Lanakila dans Lune Sabelette (d'Alola)
60%
Aucun quiz correspondant
Distribution des résultats
% des personnes avec chaque résultat
Percentile par nombre de réponses
Votre historique - résultats
Vous n’avez pas pris ce quiz depuis la dernière actualisation